| 000 | 00529nam a2200205Ia 4500 | ||
|---|---|---|---|
| 003 | OSt | ||
| 005 | 20230522151955.0 | ||
| 008 | 210423s1997 xx 000 0 und d | ||
| 040 | _cAL | ||
| 041 | _aeng | ||
| 082 |
_a331 _223 _bSARU |
||
| 100 |
_aSARMA (A M) _9110569 |
||
| 245 | _aUnderstanding wage system | ||
| 260 |
_aMumbai _bHimalaya Publishing House _c1997 |
||
| 365 |
_b275 _cINR |
||
| 650 |
_aEconomics _9110570 |
||
| 650 |
_aLabour Economics _9110571 |
||
| 906 | _asystem ; Understanding ; wage | ||
| 942 |
_2ddc _cBK |
||
| 999 |
_c172728 _d172728 |
||